ბათუმის შოთა რუსთაველის სახელმწიფო უნივერსიტეტის ბიბლიოთეკა

ადამიანის საყოველთაო უფლებათა გარანტიები : (ბიბ.ჩანაწერი № 45536)

000 -ლიდერი
ფიქსირებული სიგრძის საკონტროლო ველი 01155nam a2200229Ia 4500
001 - საკონტროლო ნომერი
საკონტროლო ველი 12361
003 - საკონტროლო ნომრის იდენტიფიკატორი
საკონტროლო ველი GE_BSU
005 - ბოლო ოპერაციის თარიღი და დრო
საკონტროლო ველი 20241002162521.0
008 - ფიქსირებული სიგრძის მონაცემთა ელემენტები - ზოგადი ინფორმაცია
ფიქსირებული სიგრძის საკონტროლო ველი 181216s2003||||ge |||||||||||||| ||geo||
040 ## - კატალოგიზაციის წყარო
Transcribing agency GE_BSU
041 ## - ენის კოდი
Language code of text/sound track or separate title geo
080 ## - უნივერსალური ათობითი კლასიფიკაციის ინდექსი
Universal Decimal Classification number 341.231.14+342.7 ლ-77
100 ## - მთავარი ჩანაწერი - პიროვნების სახელი
Personal name ლობჟანიძე, გივი.
9 (RLIN) 23296
245 ## - ცნობა სათაურის შესახებ
Title ადამიანის საყოველთაო უფლებათა გარანტიები :
Remainder of title [სახელმძღვანელო] /
Statement of responsibility, etc გივი ლობჟანიძე ; რედაქტორი ვახტანგ ქარუმიძე.
264 ## - წარმოების, გამოცემის, დისტრიბუციის და სხვა ცნობები
გამოცემის, წარმოების, დისტრიბუციის... ადგილი თბილისი:
გამოცემის, წარმოების, დისტრიბუციის... სახელწოდება მანდარიას სტამბა,
გამოცემის, წარმოების, დისტრიბუციის... თარიღი 2003.
300 ## - ფიზიკური აღწერა
Extent 277 გვ.;
Other physical details 20 სმ.
300 ## - ფიზიკური აღწერა
Other physical details რეზიუმე რუსულ და ინგლისურ ენებზე გვ:224-249.
653 ## - INDEX TERM--UNCONTROLLED
Uncontrolled term ადამიანის საერთაშორისო უფლებები
653 ## - INDEX TERM--UNCONTROLLED
Uncontrolled term სამართალი
700 ## - ADDED ENTRY--PERSONAL NAME
Personal name ქარუმიძე, ვახტანგ
Relator term რედაქტორი
9 (RLIN) 16939
942 ## - ADDED ENTRY ELEMENTS (KOHA)
Koha item type წიგნი
Source of classification or shelving scheme
ეგზემპლარები
ჩამოწერის სტატუსი დაკარგული ეგზემპლარის სტატუსი კლასიფიკაციის წყარო ან თაროზე გაწყობის სქემა დაზიანების სტატუსი არ გაიცემა მუდმივი მდებარეობა (დაცვის ადგილი) ამჟამინდელი ადგილსამყოფელი თაროზე განთავსების ადგილი შეძენის თარიღი სრული შენახვის შიფრი შტრიხკოდი ბოლო ოპერაციის თარიღი ეგზემპლარის მიმდევრობითი ნომერი (კეტერი?) ფასის ძალაში შესვლის თარიღი ეგზემპლარის სახეობა
          ბათუმის შოთა რუსთაველის სახელმწიფო უნივერსიტეტის მთავარი ბიბლიოთეკა ბათუმის შოთა რუსთაველის სახელმწიფო უნივერსიტეტის მთავარი ბიბლიოთეკა წიგნსაცავი 2018-12-17 341.231.14+342.7 ლ-77 20641 2018-12-17 20641 2018-12-17 წიგნი
          ბათუმის შოთა რუსთაველის სახელმწიფო უნივერსიტეტის მთავარი ბიბლიოთეკა ბათუმის შოთა რუსთაველის სახელმწიფო უნივერსიტეტის მთავარი ბიბლიოთეკა წიგნსაცავი 2018-12-17 341.231.14+342.7 ლ-77 20642 2018-12-17 20642 2018-12-17 წიგნი